| 000 | 00796nam a2200277 a 4500 | ||
|---|---|---|---|
| 001 | 157663 | ||
| 003 | OSt | ||
| 005 | 20211231120412.0 | ||
| 008 | 200623 ### ENG | ||
| 020 | _a9780387001777 | ||
| 082 |
_a003.85 _bW63I |
||
| 100 | _aWiggins, Stephen | ||
| 245 |
_aIntroduction to applied nonlinear dynamical systems and chaos _cby Stephen Wiggins |
||
| 250 | _a2nd ed. | ||
| 260 |
_aNew York _bSpringer _c2003 |
||
| 300 | _axix, 843p. | ||
| 490 |
_aTexts in applied mathematics _v2 |
||
| 653 | _aDifferentiable dynamical systems | ||
| 653 | _aNonlinear theories | ||
| 653 | _aChaotic behavior in systems | ||
| 653 | _aMathematics | ||
| 653 | _aGlobal analysis (Mathematics) | ||
| 653 | _aEngineering mathematics | ||
| 653 | _aEngineering | ||
| 942 |
_2ddc _cBK |
||
| 999 |
_c20004 _d20004 |
||